00901nam a2200265 a 450000100060000000300080000600500170001400800410003103500190007204000310009104100080012208200250013010000200015524500620017526000390023730000330027650000180030965000300032765000360035774000300039385600370042394200120046099900170047295201460048950466BD-RjUL20211209075519.0160827s1964 enka b 001 0 eng  a(BD-RjUL)50586 aDLC/ICUcICUdBD-RjULbeng aeng00a512.43223bFOI 196410aFox, L.915119313aAn introduction to numerical linear algebra /cby L. Fox. aOxford :bClarendon Press,cc1964. axi, 295 p. :bill. ;c24 cm. aInclude index 0aAlgebras, Linear.9137168 0aNumerical calculations.91511950 aNumerical linear algebra. 3Monographs on numerical analysis 2ddccBK c50466d50466 00102ddc40708NFICaRUCLbRUCLcStackd1965-04-03eSwets & zeitlingerg50.00l0o512.43 FOI 1964r2016-08-27 00:00:00tC-2w2021-12-09yBK